Yoga Sara (Record no. 1276)

MARC details
000 -LEADER
fixed length control field 00290nam a22001217a 4500
008 - FIXED-LENGTH DATA ELEMENTS--GENERAL INFORMATION
fixed length control field 260423b |||||||| |||| 00| 0 eng d
082 ## - DEWEY DECIMAL CLASSIFICATION NUMBER
Classification number 001270
100 ## - MAIN ENTRY--PERSONAL NAME
Personal name Penna, Madhusudhan
245 ## - TITLE STATEMENT
Title Yoga Sara
260 ## - PUBLICATION, DISTRIBUTION, ETC.
Place of publication, distribution, etc. Delhi
Name of publisher, distributor, etc. New Bharatiya Book Corporation
Date of publication, distribution, etc. 2020
300 ## - PHYSICAL DESCRIPTION
Extent 56p
942 ## - ADDED ENTRY ELEMENTS (KOHA)
Source of classification or shelving scheme Dewey Decimal Classification

No items available.

Powered by Koha